Endometriosis : (Record no. 19736)
[ view plain ]
| 000 -LEADER | |
|---|---|
| fixed length control field | 02427cam a2200565Ia 4500 |
| 001 - CONTROL NUMBER | |
| control field | ocn778376496 |
| 003 - CONTROL NUMBER IDENTIFIER | |
| control field | OCoLC |
| 005 - DATE AND TIME OF LATEST TRANSACTION | |
| control field | 20230823094826.0 |
| 006 - FIXED-LENGTH DATA ELEMENTS--ADDITIONAL MATERIAL CHARACTERISTICS--GENERAL INFORMATION | |
| fixed length control field | m o d |
| 007 - PHYSICAL DESCRIPTION FIXED FIELD--GENERAL INFORMATION | |
| fixed length control field | cr un||||||||| |
| 008 - FIXED-LENGTH DATA ELEMENTS--GENERAL INFORMATION | |
| fixed length control field | 120227s2012 enk ob 001 0 eng d |
| 040 ## - CATALOGING SOURCE | |
| Original cataloging agency | UIU |
| Language of cataloging | eng |
| Description conventions | pn |
| Transcribing agency | UIU |
| Modifying agency | DG1 |
| -- | CDX |
| -- | YDXCP |
| -- | OCLCQ |
| -- | UIU |
| -- | E7B |
| -- | COO |
| -- | CCO |
| -- | OCLCF |
| -- | NLGGC |
| -- | OCLCQ |
| -- | EBLCP |
| -- | OCLCQ |
| -- | AZK |
| 019 ## - | |
| -- | 961530786 |
| -- | 962709319 |
| 020 ## - INTERNATIONAL STANDARD BOOK NUMBER | |
| ISBN | 9781444398519 |
| Qualifying information | (electronic bk.) |
| 020 ## - INTERNATIONAL STANDARD BOOK NUMBER | |
| ISBN | 1444398512 |
| Qualifying information | (electronic bk.) |
| 020 ## - INTERNATIONAL STANDARD BOOK NUMBER | |
| ISBN | 9781283435710 |
| Qualifying information | (MyiLibrary) |
| 020 ## - INTERNATIONAL STANDARD BOOK NUMBER | |
| ISBN | 1283435713 |
| Qualifying information | (MyiLibrary) |
| 020 ## - INTERNATIONAL STANDARD BOOK NUMBER | |
| Cancelled/invalid ISBN | 9781444332131 |
| Qualifying information | (hardcover ; |
| -- | alk. paper) |
| 020 ## - INTERNATIONAL STANDARD BOOK NUMBER | |
| Cancelled/invalid ISBN | 1444332139 |
| Qualifying information | (hardcover ; |
| -- | alk. paper) |
| 029 1# - (OCLC) | |
| OCLC library identifier | AU@ |
| System control number | 000048852541 |
| 029 1# - (OCLC) | |
| OCLC library identifier | NLGGC |
| System control number | 382504453 |
| 029 1# - (OCLC) | |
| OCLC library identifier | NZ1 |
| System control number | 14976859 |
| 035 ## - SYSTEM CONTROL NUMBER | |
| System control number | (OCoLC)778376496 |
| Canceled/invalid control number | (OCoLC)961530786 |
| -- | (OCoLC)962709319 |
| 050 #4 - LIBRARY OF CONGRESS CALL NUMBER | |
| Classification number | RG483.E53 |
| Item number | E556 2012 |
| 060 #4 - NATIONAL LIBRARY OF MEDICINE CALL NUMBER | |
| Classification number | WP 390 |
| 082 04 - DEWEY DECIMAL CLASSIFICATION NUMBER | |
| Classification number | 618.1/42 |
| Edition number | 23 |
| 049 ## - LOCAL HOLDINGS (OCLC) | |
| Holding library | MAIN |
| 245 00 - TITLE STATEMENT | |
| Title | Endometriosis : |
| Remainder of title | science and practice / |
| Statement of responsibility, etc | edited by Linda C. Giudice, Johannes L.H. Evers, David L. Healy. |
| 260 ## - PUBLICATION, DISTRIBUTION, ETC. (IMPRINT) | |
| Place of publication, distribution, etc | Chichester, West Sussex : |
| Name of publisher, distributor, etc | Wiley-Blackwell, |
| Date of publication, distribution, etc | 2012. |
| 300 ## - PHYSICAL DESCRIPTION | |
| Extent | 1 online resource |
| 336 ## - | |
| -- | text |
| -- | txt |
| -- | rdacontent |
| 337 ## - | |
| -- | computer |
| -- | c |
| -- | rdamedia |
| 338 ## - | |
| -- | online resource |
| -- | cr |
| -- | rdacarrier |
| 347 ## - | |
| -- | data file |
| -- | rda |
| 380 ## - | |
| -- | Bibliography |
| 504 ## - BIBLIOGRAPHY, ETC. NOTE | |
| Bibliography, etc | Includes bibliographical references and index. |
| 588 0# - | |
| -- | Print version record. |
| 505 0# - FORMATTED CONTENTS NOTE | |
| Formatted contents note | pt. 1. History, epidemiology, and economics -- pt. 2. Pathogenesis -- pt. 3. Disease characterization -- pt. 4. Biological basis and pathophysiology of endometriosis -- pt. 5. Models of endometriosis -- pt. 6. Diagnosis of endometriosis -- pt. 7. Medical therapies for pain -- pt. 8. Surgical therapies for pain -- pt. 9. Infertility and endometriosis -- pt. 10. Associated disorders. |
| 526 ## - STUDY PROGRAM INFORMATION NOTE | |
| Department | Economics |
| 650 #0 - SUBJECT ADDED ENTRY--TOPICAL TERM | |
| Topical term or geographic name as entry element | Endometriosis. |
| 650 #2 - SUBJECT ADDED ENTRY--TOPICAL TERM | |
| Topical term or geographic name as entry element | Endometriosis. |
| 650 #7 - SUBJECT ADDED ENTRY--TOPICAL TERM | |
| Topical term or geographic name as entry element | Endometriosis. |
| Source of heading or term | fast |
| -- | (OCoLC)fst00909774 |
| 655 #4 - INDEX TERM--GENRE/FORM | |
| Genre/form data or focus term | Electronic books. |
| 700 1# - ADDED ENTRY--PERSONAL NAME | |
| Personal name | Giudice, Linda. |
| 700 1# - ADDED ENTRY--PERSONAL NAME | |
| Personal name | Evers, Johannes Leonardus Henricus, |
| Dates associated with a name | 1949- |
| 700 1# - ADDED ENTRY--PERSONAL NAME | |
| Personal name | Healy, D. L. |
| Fuller form of name | (David Lindsay) |
| 776 08 - ADDITIONAL PHYSICAL FORM ENTRY | |
| Display text | Print version: |
| Title | Endometriosis. |
| Place, publisher, and date of publication | Chichester, West Sussex : Wiley-Blackwell, 2012 |
| International Standard Book Number | 9781444332131 |
| Record control number | (DLC) 2011027301 |
| -- | (OCoLC)739835714 |
| 856 40 - ELECTRONIC LOCATION AND ACCESS | |
| Uniform Resource Identifier | <a href="http://dx.doi.org/10.1002/9781444398519">http://dx.doi.org/10.1002/9781444398519</a> |
| Public note | Wiley Online Library |
| 994 ## - | |
| -- | 92 |
| -- | DG1 |
No items available.